Estudio de minimización de aguas residuales generadas en el proceso de manufactura de concentrados y bases para bebidas
Na minha lista:
| Autor principal: | |
|---|---|
| Formato: | Livro |
| Publicado em: |
San José, C.R.
2003
|
| Assuntos: | |
| Tags: |
Adicionar Tag
Sem tags, seja o primeiro a adicionar uma tag!
|
MARC
| LEADER | 00000nam a2200000Ia 4500 | ||
|---|---|---|---|
| 003 | 009228 | ||
| 005 | 20221231144145.0 | ||
| 008 | 140114s2003 cr a m 000 ||s d | ||
| 040 | |c cru CEDI | ||
| 090 | |a TFG 4767 | ||
| 100 | |a González Chacón, Fernando |9 6848 | ||
| 245 | |a Estudio de minimización de aguas residuales generadas en el proceso de manufactura de concentrados y bases para bebidas | ||
| 260 | |c 2003 |a San José, C.R. | ||
| 300 | |a v, [5], 91 hojas : ilustraciones | ||
| 500 | |a Proyecto de graduación (licenciatura en ingeniería química)--Universidad de Costa Rica, Facultad de Ingeniería, Escuela de Ingeniería Química | ||
| 650 | |x AGUAS RESIDUALES |x PROTECCION DEL MEDIO AMBIENTE |x CONTAMINACION INDUSTRIAL |x BEBIDAS |x COLORANTES EN LOS ALIMENTOS |x PURIFICACION DE AGUAS RESIDUALES |9 6849 | ||
| 942 | |c TFG | ||
| 999 | |c 17716 |d 17716 | ||
